<?xml version="1.0" encoding="UTF-8"?>
<record
    xmlns:xsi="http://www.w3.org/2001/XMLSchema-instance"
    xsi:schemaLocation="http://www.loc.gov/MARC21/slim http://www.loc.gov/standards/marcxml/schema/MARC21slim.xsd"
    xmlns="http://www.loc.gov/MARC21/slim">

  <leader>02092nam a2200337 i 4500</leader>
  <controlfield tag="003">DO-SdBNP</controlfield>
  <controlfield tag="005">20260303104746.0</controlfield>
  <controlfield tag="007">ta</controlfield>
  <controlfield tag="008">260303b2000    dr ||||| |||| 00| 0 spa d</controlfield>
  <datafield tag="040" ind1=" " ind2=" ">
    <subfield code="a">DO-SdBNP</subfield>
    <subfield code="b">spa</subfield>
    <subfield code="c">BNPHU</subfield>
    <subfield code="e">rda</subfield>
  </datafield>
  <datafield tag="041" ind1=" " ind2=" ">
    <subfield code="a">spa</subfield>
  </datafield>
  <datafield tag="082" ind1=" " ind2="4">
    <subfield code="a">xxx</subfield>
    <subfield code="b">R426L</subfield>
    <subfield code="2">22</subfield>
  </datafield>
  <datafield tag="111" ind1="1" ind2=" ">
    <subfield code="a">Cumbre de Jefes de Estado y de Gobierno de la Asociaci&#xF3;n de Estados del Caribe</subfield>
    <subfield code="n">(2da. : </subfield>
    <subfield code="d">16-17, abril : </subfield>
    <subfield code="c">Santo Domingo)</subfield>
    <subfield code="9">89114</subfield>
  </datafield>
  <datafield tag="245" ind1="1" ind2="0">
    <subfield code="a">Segunda cumbre de jefes de estado y gobierno de los pa&#xED;ses de &#xC1;frica, caribe y pac&#xED;fico :</subfield>
    <subfield code="b">memoria /</subfield>
    <subfield code="c">coordinadora, Ana E. Mart&#xED;nez ; asesores, Eduardo Latorre,  foto, Anne Casale ; dise&#xF1;o y arte final, Nin&#xF3;n Le&#xF3;n de Saleme.</subfield>
  </datafield>
  <datafield tag="264" ind1=" " ind2=" ">
    <subfield code="a">Santo Domingo, Rep&#xFA;blica Dominicana :</subfield>
    <subfield code="b">Secretar&#xED;a de Estado de Relaciones Exteriores, </subfield>
    <subfield code="c">2000.</subfield>
  </datafield>
  <datafield tag="300" ind1=" " ind2=" ">
    <subfield code="a">226 p&#xE1;ginas ;</subfield>
    <subfield code="c">23 cm. </subfield>
  </datafield>
  <datafield tag="336" ind1=" " ind2=" ">
    <subfield code="a">texto</subfield>
    <subfield code="b">txt</subfield>
    <subfield code="2">rdacontent</subfield>
  </datafield>
  <datafield tag="337" ind1=" " ind2=" ">
    <subfield code="a">sin mediaci&#xF3;n </subfield>
    <subfield code="b">n</subfield>
    <subfield code="2">rdamedia</subfield>
  </datafield>
  <datafield tag="338" ind1=" " ind2=" ">
    <subfield code="a">volumen</subfield>
    <subfield code="b">nc</subfield>
    <subfield code="2">rdacarrier</subfield>
  </datafield>
  <datafield tag="500" ind1=" " ind2=" ">
    <subfield code="a">Portada fotograf&#xED;a oficial de los Jefes de Estado y de Gobierno en los Jardines el Hotel Renaissance Jaragua</subfield>
  </datafield>
  <datafield tag="505" ind1=" " ind2=" ">
    <subfield code="a">Presentaci&#xF3;n -- La Asociaci&#xF3;n de Estados del Caribe (AEC) , Informaci&#xF3;n general sobre los pa&#xED;ses miembros de la Asociaci&#xF3;n de Estados del Caribe -- Pa&#xED;ses de &#xC1;frica -- Pa&#xED;ses del Caribe -- Pa&#xED;ses del Pac&#xED;fico -- Ceremonia de inauguraci&#xF3;n de la reuni&#xF3;n extraordinaria del consejo de ministro ACP 22 de noviembre de 1999 --  Ceremonia de inauguraci&#xF3;n 25 de noviembre de 1999 -- Sesi&#xF3;n de trabajo 25 de noviembre de 1999 -- Ceremonia de clausura 26 de noviembre de 1999 -- Documentos finales</subfield>
  </datafield>
  <datafield tag="590" ind1=" " ind2=" ">
    <subfield code="a">Inventariado, 2026 LP</subfield>
  </datafield>
  <datafield tag="700" ind1="1" ind2=" ">
    <subfield code="a">Mart&#xED;nez, Ana E.</subfield>
    <subfield code="e">coordinador </subfield>
    <subfield code="4">co.</subfield>
    <subfield code="9">2505</subfield>
  </datafield>
  <datafield tag="700" ind1="1" ind2=" ">
    <subfield code="a">Cabral de Arcal&#xE1;, Conchita Mercedes,</subfield>
    <subfield code="e">asesor</subfield>
    <subfield code="4">asc.</subfield>
    <subfield code="9">89115</subfield>
  </datafield>
  <datafield tag="700" ind1="1" ind2=" ">
    <subfield code="a">Latorre,  Eduardo,</subfield>
    <subfield code="e">asesor</subfield>
    <subfield code="4">asc.</subfield>
    <subfield code="9">89116</subfield>
  </datafield>
  <datafield tag="700" ind1="1" ind2=" ">
    <subfield code="a">Casale, Anne,</subfield>
    <subfield code="e">fot&#xF3;grafo</subfield>
    <subfield code="4">fot.</subfield>
    <subfield code="9">72639</subfield>
  </datafield>
  <datafield tag="700" ind1="1" ind2=" ">
    <subfield code="a">Le&#xF3;n de Saleme, Nin&#xF3;n</subfield>
    <subfield code="e">dise&#xF1;ador</subfield>
    <subfield code="4">di.</subfield>
    <subfield code="9">1566</subfield>
  </datafield>
  <datafield tag="711" ind1="1" ind2=" ">
    <subfield code="a">Segunda Cumbre de Jefes de Estado y de Gobierno de los paises de &#xC1;frica, Caribe y Pacifico,1999</subfield>
    <subfield code="9">89113</subfield>
  </datafield>
  <datafield tag="910" ind1=" " ind2=" ">
    <subfield code="a">LP</subfield>
  </datafield>
  <datafield tag="942" ind1=" " ind2=" ">
    <subfield code="2">ddc</subfield>
    <subfield code="c">LBS1</subfield>
  </datafield>
  <datafield tag="952" ind1=" " ind2=" ">
    <subfield code="0">0</subfield>
    <subfield code="1">0</subfield>
    <subfield code="2">ddc</subfield>
    <subfield code="5">1</subfield>
    <subfield code="7">0</subfield>
    <subfield code="8">PD</subfield>
    <subfield code="a">BNPHU</subfield>
    <subfield code="b">BNPHU</subfield>
    <subfield code="c">CT</subfield>
    <subfield code="d">2023-06-26</subfield>
    <subfield code="e">Donado por Bienvenido Brito </subfield>
    <subfield code="l">0</subfield>
    <subfield code="o">BNPHU PD xxx R426s</subfield>
    <subfield code="p">2026-1608</subfield>
    <subfield code="r">2026-03-03</subfield>
    <subfield code="w">2026-03-03</subfield>
    <subfield code="y">LBS1</subfield>
  </datafield>
  <datafield tag="999" ind1=" " ind2=" ">
    <subfield code="c">60410</subfield>
    <subfield code="d">60410</subfield>
  </datafield>
</record>
